00753 2200217 4500001002100000005001500021035002000036245016900056100001900225250002000244300004600264856002400310700005800334700003500392260003100427082000800458084001400466020001800480600001700498990002000515INLIS00000000114574320231004101407 a0010-10230000021 aAstrie Ivo Sepasang Sayap Menuju Surga /cPenulis; Yugha Erlangga, Astrie Ivo, Editor ; Fikni Mutiara, Hijrah Ahmad, Adhika Prasetya, Desain sampul; Yudi Nur Riyadi0 aYugha Erlangga aCetakan Pertama aHalaman 126 :bIlustrasi ;c14 cmekertas aPerpustakaan Khusus0 aEditor ; Fikni Mutiara, Hijrah Ahmad, Adhika Prasetya0 aDesain sampul; Yudi Nur Riyadi aJakarta :bErlangga,c2015 a920 a920 YUG a a9786020935164 4aAutoBiografi a/00598/00100598